Jennifer Lawrence Movies Quiz Stats

 Plays Quiz Updated Jun 8, 2018

Challenge
Share
Tweet
Embed
Score 0/22 Timer 03:00
1 Play Today
Year Movie % Correct
2012The Hunger Games
98.9%
2013The Hunger Games: Catching Fire
86.7%
2012Silver Linings Playbook
76.4%
2013American Hustle
72.2%
2015Joy
70.9%
2011X-Men: First Class
65.1%
2018Red Sparrow
62.5%
2014X-Men: Days of Future Past
61.7%
2016X-Men: Apocalypse
58.9%
2010Winter's Bone
56.8%
2016Passengers
55.6%
Year Movie % Correct
2017Mother!
51.8%
2014The Hunger Games: Mockingjay - Part 1
34.1%
2012House at the End of the Street
24%
2015The Hunger Games: Mockingjay - Part 2
21.3%
2011Like Crazy
12.6%
2011The Beaver
12.6%
2014Serena
10%
2008The Poker House
9.6%
2008The Burning Plain
8.6%
2008Garden Party
7.1%
2012The Devil You Know
5.5%

You're not logged in!

Compare scores with friends on all Sporcle quizzes.
Join for Free
OR
Log In

You Might Also Like...

Show Comments

Extras

Top Quizzes Today


Score Distribution

Your Account Isn't Verified!

In order to create a playlist on Sporcle, you need to verify the email address you used during registration. Go to your Sporcle Settings to finish the process.

Report this User

Report this user for behavior that violates our Community Guidelines.

Details: